NBA Twyman-Stokes Teammate of the Year Award Winners - Statistics

General Stats
  • This quiz has been taken 4 times
  • The average score is 4 of 13
Answer Stats
Season Winner % Correct
2024–25 Stephen Curry
100%
2020–21 Damian Lillard
50%
2019–20 Jrue Holiday
50%
2021–22 Jrue Holiday
50%
2022–23 Jrue Holiday
50%
2018–19 Mike Conley
50%
2023–24 Mike Conley
50%
2012–13 Chauncey Billups
0%
2016–17 Dirk Nowitzki
0%
2017–18 Jamal Crawford
0%
2013–14 Shane Battier
0%
2014–15 Tim Duncan
0%
2015–16 Vince Carter
0%
No matching quizzes found
Score Distribution
Percent of People with Each Score
Percentile by Number Answered
Your Score History
You have not taken this quiz